[Event "GER-ch 68th"]
[Site "Dudweiler"]
[Date "1996.??.??"]
[Round "2"]
[White "Homuth, Manfred"]
[Black "Enigk, Frank"]
[Result "1-0"]
[WhiteElo "2275"]
[BlackElo "2145"]
[EventDate "1996.11.26"]
[PlyCount "89"]

1. e4 c5 2. Nc3 e6 3. Nf3 a6 4. d4 cxd4 5. Nxd4 Qc7 6. g3 Nc6 7. Bg2 Nf6 8. O-O Be7 9. Be3 d6 10. Qe2 Bd7 11. a4 Ne5 12. Rad1 O-O 13. Bc1 Rab8 14. Rfe1 Rfc8 15. f4 Ng6 16. e5 Ne8 17. Kh1 dxe5 18. fxe5 Bb4 19. Bd2 Qb6 20. Nb3 Bc6 21. h4 Bxg2+ 22. Qxg2 Rc4 23. Re4 Rxe4 24. Qxe4 Rd8 25. Be3 Rxd1+ 26. Nxd1 Qd8 27. Nf2 Be1 28. h5 Bxf2 29. Bxf2 Qd1+ 30. Kg2 Qxh5 31. Qxb7 Nxe5 32. Qa8 f5 33. Nd4 Ng4 34. Bg1 Qf7 35. Nf3 h6 36. Bd4 Kh7 37. Qxa6 e5 38. Bxe5 Nxe5 39. Nxe5 Qd5+ 40. Nf3 g5 41. Qd3 Qe6 42. a5 Nd6 43. a6 g4 44. Nh4 Ne4 45. Qb3 1-0

[Event "GER-ch 68th"]
[Site "Dudweiler"]
[Date "1996.??.??"]
[Round "2"]
[White "Klein, J."]
[Black "Dietz, Holger"]
[Result "1-0"]
[WhiteElo "2090"]
[BlackElo "2285"]
[EventDate "1996.11.26"]
[PlyCount "81"]

1. e4 e6 2. d4 d5 3. Nd2 Be7 4. Ngf3 Nf6 5. Bd3 b6 6. c3 O-O 7. Qe2 c5 8. h4 cxd4 9. e5 dxc3 10. bxc3 h6 11. exf6 Bxf6 12. Bb2 e5 13. O-O Re8 14. Ne4 Nd7 15. Nxf6+ Nxf6 16. Bb5 Bd7 17. Bxd7 Nxd7 18. g3 e4 19. Nd4 Ne5 20. Rad1 Qd7 21. Kg2 Rad8 22. Qh5 Nc4 23. Bc1 Re5 24. Qe2 e3 25. Bxe3 Rde8 26. Nc2 Qa4 27. Ra1 f5 28. Qd3 Nb2 29. Qd2 Qe4+ 30. f3 Qa4 31. Rfe1 Nc4 32. Qf2 Nb2 33. Nb4 a5 34. Qxb2 axb4 35. Bf2 f4 36. cxb4 d4 37. g4 Qb5 38. Qxd4 Re2 39. Rxe2 Rxe2 40. a4 Qc6 41. a5 1-0

[Event "GER-ch 68th"]
[Site "Dudweiler"]
[Date "1996.??.??"]
[Round "2"]
[White "Klemm, Dietmar"]
[Black "Kindermann, Stefan"]
[Result "0-1"]
[WhiteElo "2220"]
[BlackElo "2530"]
[EventDate "1996.11.26"]
[PlyCount "74"]

1. d4 Nf6 2. Nf3 g6 3. g3 Bg7 4. Bg2 O-O 5. O-O d6 6. c4 Nc6 7. Nc3 a6 8. d5 Na5 9. Nd2 c5 10. Qc2 Rb8 11. a3 Qc7 12. Nd1 b5 13. cxb5 axb5 14. e4 e6 15. Ne3 exd5 16. exd5 Ng4 17. Rb1 Nxe3 18. fxe3 b4 19. Rf4 b3 20. Qe4 f5 21. Qd3 Bd7 22. Nf3 h6 23. Ne1 Rfe8 24. Qd1 g5 25. Rf3 Nc4 26. Bf1 Ne5 27. Rf2 Ng4 28. Rf3 c4 29. Ng2 Qc5 30. h3 Nf6 31. Qd4 Rbc8 32. Qxc5 Rxc5 33. Bd2 Nxd5 34. Bb4 Nxb4 35. axb4 Rc7 36. Rf2 Be5 37. Kh2 Be6 0-1

[Event "GER-ch 68th"]
[Site "Dudweiler"]
[Date "1996.??.??"]
[Round "2"]
[White "Lagunow, Alexander"]
[Black "Schmitzer, Klaus"]
[Result "1-0"]
[WhiteElo "2425"]
[BlackElo "2325"]
[EventDate "1996.11.26"]
[PlyCount "81"]

1. Nf3 d5 2. d4 e6 3. c4 c5 4. cxd5 exd5 5. g3 Nc6 6. Bg2 Nf6 7. O-O Be7 8. Nc3 c4 9. b3 O-O 10. bxc4 dxc4 11. d5 Bb4 12. dxc6 Bxc3 13. Rb1 Qxd1 14. Rxd1 bxc6 15. Ba3 Re8 16. Rbc1 Nd5 17. e4 Bb4 18. Bxb4 Nxb4 19. Rxc4 Nxa2 20. Ra1 Be6 21. Rxc6 Nb4 22. Rc7 a5 23. Nd4 Ba2 24. Nc6 Kf8 25. f4 Ra6 26. Ne5 Be6 27. f5 Ba2 28. Nd7+ Kg8 29. Nc5 Rb6 30. e5 h6 31. e6 fxe6 32. f6 gxf6 33. Nd7 Reb8 34. Nxf6+ Kf8 35. Rf1 e5 36. Be4 Na6 37. Ra7 Bc4 38. Bd5 Bxd5 39. Nxd5+ Kg8 40. Nxb6 Rxb6 41. Rc1 1-0

[Event "GER-ch 68th"]
[Site "Dudweiler"]
[Date "1996.??.??"]
[Round "2"]
[White "Lutz, Christopher"]
[Black "Heidrich, Manfred"]
[Result "1/2-1/2"]
[WhiteElo "2565"]
[BlackElo "2340"]
[EventDate "1996.11.26"]
[PlyCount "110"]

1. e4 c5 2. Nf3 Nc6 3. d4 cxd4 4. Nxd4 e5 5. Nb5 a6 6. Nd6+ Bxd6 7. Qxd6 Qf6 8. Qc7 Nge7 9. Nc3 Nb4 10. Bd3 d5 11. O-O d4 12. Ne2 Nec6 13. Bd2 Nxd3 14. cxd3 Qd8 15. Qxd8+ Kxd8 16. f4 Bg4 17. Ng3 exf4 18. Rxf4 Be6 19. Nf5 Rg8 20. Rh4 h6 21. Be1 Kc7 22. a3 Rad8 23. Rc1 Bxf5 24. exf5 f6 25. Bf2 Rd5 26. Rf4 Rgd8 27. Kf1 Kb8 28. Ke2 Re8+ 29. Kd2 Rb5 30. Rc2 Rbe5 31. Kd1 Ka8 32. g4 h5 33. h3 hxg4 34. hxg4 Rh8 35. Bxd4 Rd5 36. Bf2 Rxd3+ 37. Rd2 Ne5 38. Ke2 Rb3 39. Rfd4 Kb8 40. Rd8+ Rxd8 41. Rxd8+ Kc7 42. Rg8 Rxb2+ 43. Kf1 Kc6 44. Rxg7 Kd5 45. Bh4 Rb6 46. Kg2 Ke4 47. a4 Rd6 48. Bg3 Rd2+ 49. Kh3 Rd7 50. Rxd7 Nxd7 51. a5 b5 52. axb6 Nxb6 53. Kh4 Nd5 54. Be1 Ne3 55. Kh5 Nxf5 1/2-1/2

[Event "GER-ch 68th"]
[Site "Dudweiler"]
[Date "1996.??.??"]
[Round "2"]
[White "Mainka, Romuald"]
[Black "Schulz, Karsten"]
[Result "1-0"]
[WhiteElo "2455"]
[BlackElo "2360"]
[EventDate "1996.11.26"]
[PlyCount "143"]

1. e4 g6 2. d4 Bg7 3. Nf3 d6 4. c3 Nf6 5. Bd3 O-O 6. O-O Nc6 7. Re1 e5 8. Na3 Bg4 9. Nc2 d5 10. Bg5 dxe4 11. Bxe4 exd4 12. Bxc6 bxc6 13. Ncxd4 Qd5 14. Qa4 Bxf3 15. Nxf3 Rfe8 16. Rxe8+ Nxe8 17. c4 Qd7 18. Rd1 Qe6 19. Re1 Qd7 20. h3 h6 21. Bh4 a6 22. Rd1 Qe6 23. b3 a5 24. Re1 Qd7 25. Bg3 Nd6 26. Rd1 Qe8 27. Bxd6 cxd6 28. Rxd6 Bf8 29. Rxc6 Rd8 30. c5 Rd1+ 31. Kh2 Qb8+ 32. g3 Qd8 33. Qc4 Qd5 34. Qxd5 Rxd5 35. Rc8 Rxc5 36. Rxc5 Bxc5 37. Kg2 Kf8 38. Ne5 Bd4 39. f4 Bc3 40. Kf3 Ke7 41. Ke4 Ke6 42. Nf3 Bb4 43. Nd4+ Kd6 44. g4 Bd2 45. Nf3 Bb4 46. f5 Ke7 47. fxg6 fxg6 48. Kd5 Kf6 49. Ke4 Ke6 50. h4 Kf6 51. Ne5 Be1 52. g5+ Kg7 53. Nf3 Bb4 54. Kd5 hxg5 55. hxg5 Kf7 56. Ne5+ Kg7 57. Ke6 Bd2 58. Nc4 Bc3 59. a3 Be1 60. Ke7 Bc3 61. Nd6 Bb2 62. b4 axb4 63. axb4 Bc1 64. Ne8+ Kh8 65. Kf6 Kh7 66. Nc7 Bb2+ 67. Kf7 Bc1 68. Ne6 Bd2 69. b5 Be3 70. Nf8+ Kh8 71. Nxg6+ Kh7 72. Nf8+ 1-0

[Event "GER-ch 68th"]
[Site "Dudweiler"]
[Date "1996.??.??"]
[Round "2"]
[White "Miltner, Arndt"]
[Black "Zude, Arno"]
[Result "0-1"]
[WhiteElo "2330"]
[BlackElo "2410"]
[EventDate "1996.11.26"]
[PlyCount "80"]

1. d4 Nf6 2. Nf3 e6 3. Bf4 b6 4. e3 Be7 5. h3 Bb7 6. Bd3 c5 7. c3 Nc6 8. O-O O-O 9. Nbd2 d5 10. Ne5 Nxe5 11. Bxe5 Nd7 12. Bh2 f5 13. g4 g6 14. Nf3 a6 15. Bf4 Bf6 16. gxf5 exf5 17. Kh2 Bg7 18. Rg1 Nf6 19. Ne5 Ne4 20. Qe2 a5 21. Rg2 Rc8 22. Rag1 Bc6 23. f3 Nd6 24. Qf2 Be8 25. h4 cxd4 26. cxd4 Nc4 27. Bxc4 dxc4 28. h5 Bxe5 29. Bxe5 c3 30. bxc3 Rxc3 31. Rg5 Qd5 32. Qg3 Qxa2+ 33. Kh1 Rc6 34. Qh3 Qe6 35. hxg6 Bxg6 36. Qh6 Kf7 37. e4 fxe4 38. Rxg6 hxg6 39. fxe4 Ke8 40. Bg7 Qxe4+ 0-1

[Event "GER-ch 68th"]
[Site "Dudweiler"]
[Date "1996.??.??"]
[Round "2"]
[White "Rabiega, Robert"]
[Black "Walter, Guenter"]
[Result "1-0"]
[WhiteElo "2475"]
[BlackElo "2275"]
[EventDate "1996.11.26"]
[PlyCount "45"]

1. e4 c5 2. c3 Nf6 3. e5 Nd5 4. Nf3 e6 5. Bc4 d6 6. exd6 Bxd6 7. O-O O-O 8. d4 Nc6 9. Qe2 cxd4 10. cxd4 b6 11. Nc3 Nxc3 12. bxc3 Bb7 13. Bd3 Be7 14. Qe4 g6 15. Bh6 Re8 16. h4 Qc7 17. Qe3 Rad8 18. Ng5 Bf6 19. h5 e5 20. Rfe1 Re7 21. Ne4 Bh8 22. Qg5 Re6 23. Bc4 1-0

[Event "GER-ch 68th"]
[Site "Dudweiler"]
[Date "1996.??.??"]
[Round "2"]
[White "Riegler, Dieter"]
[Black "Steinkohl, Thomas"]
[Result "0-1"]
[WhiteElo "2195"]
[BlackElo "2330"]
[EventDate "1996.11.26"]
[PlyCount "92"]

1. d4 Nf6 2. c4 g6 3. Nc3 Bg7 4. e4 d6 5. f4 O-O 6. Nf3 c5 7. d5 e6 8. Be2 exd5 9. cxd5 Re8 10. e5 dxe5 11. fxe5 Ng4 12. Bg5 Qb6 13. O-O Nxe5 14. d6 Qxb2 15. Nd5 Nec6 16. Be7 Bf5 17. Rc1 Nd7 18. Kh1 Rac8 19. Ng5 Nd4 20. Bg4 Bxg4 21. Qxg4 f5 22. Qh3 h6 23. Nf3 Qxa2 24. Nc7 Nc6 25. Nxe8 Rxe8 26. Nh4 Qf7 27. Qf3 Nde5 28. Qa3 b6 29. Nf3 Nxe7 30. Nxe5 Bxe5 31. dxe7 Rxe7 32. Rcd1 Bd4 33. Rfe1 Re4 34. Qg3 h5 35. Qd6 Kh7 36. Qc6 Qe7 37. Rxe4 fxe4 38. Re1 e3 39. Qf3 Kg7 40. Qe2 Qe6 41. Rf1 c4 42. Qa2 b5 43. Qa3 g5 44. h4 e2 45. Qf8+ Kg6 46. Re1 Qe4 0-1

[Event "GER-ch 68th"]
[Site "Dudweiler"]
[Date "1996.??.??"]
[Round "2"]
[White "Schwing, Hans Elmar"]
[Black "Pirrot, Dieter"]
[Result "1/2-1/2"]
[WhiteElo "2245"]
[BlackElo "2415"]
[EventDate "1996.11.26"]
[PlyCount "36"]

1. d4 Nf6 2. c4 g6 3. g3 Bg7 4. Bg2 O-O 5. Nc3 d6 6. Nf3 Nc6 7. O-O a6 8. h3 Rb8 9. Bg5 b5 10. cxb5 axb5 11. d5 Na5 12. b4 Nc4 13. Nd4 Bd7 14. e3 Qc8 15. Qe2 Na3 16. Rac1 h6 17. Bxf6 Bxf6 18. h4 h5 1/2-1/2

[Event "GER-ch 68th"]
[Site "Dudweiler"]
[Date "1996.??.??"]
[Round "2"]
[White "Siebrecht, Sebastian"]
[Black "Mueller, Karsten"]
[Result "0-1"]
[WhiteElo "2390"]
[BlackElo "2490"]
[EventDate "1996.11.26"]
[PlyCount "68"]

1. e4 d5 2. exd5 Qxd5 3. Nc3 Qa5 4. d4 Nf6 5. Bc4 c6 6. Nf3 Bf5 7. Bd2 e6 8. Qe2 Bb4 9. O-O-O Nbd7 10. h3 Nb6 11. Bb3 Bxc3 12. Bxc3 Qb5 13. Qe1 Be4 14. Ne5 a5 15. a4 Nxa4 16. Nc4 Ke7 17. Bxa5 c5 18. Bc7 Ra6 19. dxc5 Nxc5 20. Bd6+ Rxd6 21. Nxd6 Nxb3+ 22. cxb3 Qc6+ 23. Nc4 Ra8 24. Qb4+ Ke8 25. f3 Bg6 26. Rhe1 Rc8 27. Rd6 Qc7 28. Rb6 Nd5 29. Qb5+ Kf8 30. Rxb7 Qf4+ 31. Kd1 Qd4+ 32. Nd2 Bc2+ 33. Kc1 Bxb3+ 34. Kb1 Bc2+ 0-1

[Event "GER-ch 68th"]
[Site "Dudweiler"]
[Date "1996.??.??"]
[Round "2"]
[White "Slobodjan, Roman"]
[Black "Bangiev, Alexander J"]
[Result "1-0"]
[WhiteElo "2520"]
[BlackElo "2400"]
[EventDate "1996.11.26"]
[PlyCount "39"]

1. e4 g6 2. d4 Bg7 3. Nf3 c5 4. dxc5 Qa5+ 5. Nbd2 Qxc5 6. Bd3 d6 7. O-O Nf6 8. Re1 Nbd7 9. h3 O-O 10. Rb1 Qc7 11. c4 Nc5 12. Bf1 a5 13. b3 Bd7 14. a3 Bc6 15. Qc2 Rfc8 16. Bb2 e5 17. b4 axb4 18. axb4 Na4 19. Ba1 Nd7 20. b5 1-0

[Event "GER-ch 68th"]
[Site "Dudweiler"]
[Date "1996.??.??"]
[Round "2"]
[White "Wesseln, Kai"]
[Black "Loehn, Carsten"]
[Result "1-0"]
[WhiteElo "2320"]
[BlackElo "2195"]
[EventDate "1996.11.26"]
[PlyCount "69"]

1. d4 Nf6 2. Nf3 g6 3. Nc3 d5 4. Bf4 Bg7 5. e3 O-O 6. Be2 c6 7. Ne5 Nfd7 8. Qd2 Nxe5 9. Bxe5 f6 10. Bg3 Nd7 11. h4 e5 12. h5 b5 13. hxg6 hxg6 14. O-O-O b4 15. Na4 Qa5 16. b3 Nb6 17. Nc5 Qa3+ 18. Kb1 a5 19. Qc1 Qxc1+ 20. Rxc1 exd4 21. exd4 Re8 22. Bf3 f5 23. Bc7 Nd7 24. Nxd7 Bxd7 25. Bb6 a4 26. Bc5 f4 27. Rhe1 Reb8 28. Re7 Bf5 29. Rce1 Bf6 30. Rc7 axb3 31. axb3 Ra6 32. Rxc6 Bxc2+ 33. Kxc2 Rxc6 34. Bxd5+ Kg7 35. Bxc6 1-0

[Event "GER-ch 68th"]
[Site "Dudweiler"]
[Date "1996.??.??"]
[Round "2"]
[White "Zeller, Frank"]
[Black "Wahls, Matthias"]
[Result "1/2-1/2"]
[WhiteElo "2410"]
[BlackElo "2540"]
[EventDate "1996.11.26"]
[PlyCount "82"]

1. d4 Nf6 2. c4 e6 3. Nc3 Bb4 4. Nf3 c5 5. Qb3 Nc6 6. dxc5 Ne4 7. Bd2 Nxd2 8. Nxd2 f5 9. e3 O-O 10. Be2 Bxc5 11. O-O-O b6 12. Nf3 Bb7 13. Rd2 Qe7 14. Rhd1 Rfd8 15. Kb1 Rac8 16. a3 a6 17. Na4 Rb8 18. Qc3 a5 19. Ka1 Ba8 20. Qc2 Kh8 21. Nc3 Kg8 22. Nb5 Bb7 23. Ne1 Ne5 24. Qc3 Nf7 25. Bf3 Ba6 26. Nc7 Bc8 27. Nc2 Bd6 28. Nb5 Be5 29. Ncd4 Ba6 30. Be2 Bxb5 31. cxb5 Rbc8 32. Qb3 Bxd4 33. Rxd4 d5 34. g4 Nd6 35. Bd3 Ne4 36. gxf5 Nxf2 37. Rd2 Nxd3 38. Qxd3 exf5 39. Qxf5 Qxe3 40. Rxd5 Rf8 41. Qe5 Qg1+ 1/2-1/2

[Event "GER-ch 68th"]
[Site "Dudweiler"]
[Date "1996.??.??"]
[Round "3"]
[White "Bangiev, Alexander J"]
[Black "Homuth, Manfred"]
[Result "0-1"]
[WhiteElo "2400"]
[BlackElo "2275"]
[EventDate "1996.11.26"]
[PlyCount "66"]

1. e4 c5 2. f4 e6 3. Nf3 d5 4. e5 Nc6 5. c3 Bd7 6. Na3 Rc8 7. Nc2 Qb6 8. d3 Nh6 9. Be2 Be7 10. O-O O-O 11. Qe1 f6 12. Qg3 fxe5 13. fxe5 Nf5 14. Qh3 Qd8 15. Bd2 Qe8 16. g3 Qg6 17. Bf4 Be8 18. Nfe1 Bf7 19. Ng2 Bg5 20. Bg4 Nce7 21. Bxg5 Qxg5 22. Nf4 Rc6 23. Rae1 Qh6 24. Nxd5 Nxd5 25. Bxf5 exf5 26. Qxf5 Qe6 27. Qf3 Rcc8 28. c4 Ne7 29. Qxb7 Rb8 30. Qxa7 Rxb2 31. Rf2 Rc8 32. Ref1 Bg6 33. Qxc5 Rxc2 0-1

[Event "GER-ch 68th"]
[Site "Dudweiler"]
[Date "1996.??.??"]
[Round "3"]
[White "Becking, Stephan"]
[Black "Miltner, Arndt"]
[Result "0-1"]
[WhiteElo "2200"]
[BlackElo "2330"]
[EventDate "1996.11.26"]
[PlyCount "92"]

1. d4 d5 2. Nf3 c6 3. g3 Nf6 4. Bg2 Bf5 5. O-O e6 6. c4 Nbd7 7. b3 Be7 8. cxd5 cxd5 9. Bb2 O-O 10. Ne5 Rc8 11. Nd3 Qb6 12. Kh1 Qa6 13. f3 Bxd3 14. exd3 Rc7 15. Rf2 Rfc8 16. f4 h5 17. h3 g6 18. g4 hxg4 19. hxg4 Kg7 20. Kg1 Bd6 21. a4 Qa5 22. Na3 a6 23. f5 exf5 24. gxf5 Qb4 25. fxg6 fxg6 26. Bh3 Rf8 27. Rg2 Re8 28. Rb1 Bf4 29. Kh1 Nf8 30. Qf3 Re1+ 31. Rg1 Rxg1+ 32. Rxg1 Qd2 33. Rg2 Qe1+ 34. Rg1 Qh4 35. Kg2 g5 36. Qf2 Ng6 37. Qxh4 Nxh4+ 38. Kf2 Kg6 39. b4 Kh5 40. Re1 g4 41. Bg2 g3+ 42. Kg1 Kg4 43. b5 Bd2 44. Re6 Bc1 45. b6 Rc8 46. Rxf6 Bxb2 0-1

[Event "GER-ch 68th"]
[Site "Dudweiler"]
[Date "1996.??.??"]
[Round "3"]
[White "Dietz, Holger"]
[Black "Riegler, Dieter"]
[Result "1-0"]
[WhiteElo "2285"]
[BlackElo "2195"]
[EventDate "1996.11.26"]
[PlyCount "101"]

1. Nf3 Nf6 2. b3 g6 3. Bb2 Bg7 4. c4 d6 5. e3 O-O 6. Be2 Nbd7 7. d4 e5 8. Nc3 Re8 9. Qc2 c6 10. O-O Qc7 11. Rfd1 a5 12. Rac1 h6 13. Na4 e4 14. Nd2 Qd8 15. Nf1 Qe7 16. Bc3 Nh7 17. Qd2 Qd8 18. a3 Bf8 19. Ra1 Qc7 20. Qb2 b6 21. b4 axb4 22. axb4 Bb7 23. b5 c5 24. d5 Be7 25. Qc2 f5 26. f4 exf3 27. gxf3 Bf6 28. f4 Bxc3 29. Nxc3 Ndf6 30. Bd3 Qe7 31. Rxa8 Rxa8 32. Re1 Nf8 33. Qb2 N8d7 34. Re2 Kf7 35. Ng3 Qf8 36. e4 fxe4 37. Ncxe4 Re8 38. Qa1 Bc8 39. Qa7 Kg8 40. Qc7 Nxe4 41. Nxe4 Qxf4 42. Qxd6 Qc1+ 43. Kg2 Kg7 44. Rf2 Re5 45. Qc7 Re8 46. Qg3 Re5 47. h4 g5 48. Nd6 Re1 49. Qf3 Kh8 50. Nf7+ Kg7 51. Nxg5 1-0

[Event "GER-ch 68th"]
[Site "Dudweiler"]
[Date "1996.??.??"]
[Round "3"]
[White "Gross, Georg"]
[Black "Klein, J."]
[Result "1-0"]
[WhiteElo "2355"]
[BlackElo "2090"]
[EventDate "1996.11.26"]
[PlyCount "49"]

1. d4 Nf6 2. Nf3 g6 3. g3 Bg7 4. Bg2 O-O 5. O-O d6 6. c4 Nbd7 7. Qc2 c5 8. Rd1 cxd4 9. Nxd4 Nc5 10. Nc3 a6 11. h3 Rb8 12. Be3 Qa5 13. a3 Ne6 14. Nd5 Nxd5 15. cxd5 Nxd4 16. Bxd4 Bd7 17. b4 Qa4 18. Qe4 Rfe8 19. Bxg7 Kxg7 20. Rdc1 Rbc8 21. Rxc8 Bxc8 22. Qe3 Bd7 23. Rc1 Rc8 24. Rxc8 Bxc8 25. Qc3+ 1-0

[Event "GER-ch 68th"]
[Site "Dudweiler"]
[Date "1996.??.??"]
[Round "3"]
[White "Haist, Wolfgang"]
[Black "Enigk, Frank"]
[Result "0-1"]
[WhiteElo "2260"]
[BlackElo "2145"]
[EventDate "1996.11.26"]
[PlyCount "80"]

1. e4 e5 2. Nf3 Nc6 3. Bb5 a6 4. Ba4 Nf6 5. d3 b5 6. Bb3 Be7 7. Nbd2 d6 8. c3 O-O 9. Nf1 Na5 10. Bc2 c5 11. Ng3 Qc7 12. Qe2 Re8 13. O-O h6 14. h3 Bf8 15. d4 Nc6 16. Be3 Kh8 17. a3 c4 18. a4 Bb7 19. Nd2 exd4 20. axb5 d3 21. Bxd3 cxd3 22. Qxd3 axb5 23. Qxb5 Rxa1 24. Rxa1 Ra8 25. Rxa8 Bxa8 26. b4 Be7 27. Nf5 Bf8 28. f3 Ne5 29. Bd4 Nfd7 30. Qa4 Bb7 31. b5 Kg8 32. f4 Nd3 33. g3 N3c5 34. Qc4 Qa5 35. Bxg7 Bxg7 36. Nxd6 Ne6 37. e5 Qb6+ 38. Kf1 Bf8 39. Nxb7 Qxb7 40. Ne4 Nec5 0-1

[Event "GER-ch 68th"]
[Site "Dudweiler"]
[Date "1996.??.??"]
[Round "3"]
[White "Heidrich, Manfred"]
[Black "Hetey, Laszlo"]
[Result "1-0"]
[WhiteElo "2340"]
[BlackElo "2410"]
[EventDate "1996.11.26"]
[PlyCount "85"]

1. e4 Nf6 2. Nc3 d5 3. e5 Nfd7 4. d4 c5 5. f4 Nc6 6. Nf3 e6 7. Be3 cxd4 8. Nxd4 Bc5 9. Qd2 O-O 10. Be2 a6 11. O-O Nxd4 12. Bxd4 b5 13. Bxc5 Nxc5 14. Bd3 Bb7 15. Ne2 d4 16. Rf2 Qd5 17. Nxd4 Rfd8 18. c3 b4 19. Bc2 bxc3 20. bxc3 g6 21. Qe3 Rac8 22. Re1 Qc4 23. f5 exf5 24. Bxf5 Ne6 25. Bxe6 fxe6 26. Ref1 Rf8 27. Rf6 Qxa2 28. Qh3 Bd5 29. Nf3 Rxc3 30. Rxf8+ Kxf8 31. Ne1+ Bf3 32. Nxf3 Kg8 33. Qg4 Qd5 34. Qf4 Rc4 35. Qf6 Rc2 36. Kh1 a5 37. h3 a4 38. Nh4 Rc8 39. Nxg6 hxg6 40. Qxg6+ Kh8 41. Qh5+ Kg8 42. Qg5+ Kh8 43. Rf6 1-0

[Event "GER-ch 68th"]
[Site "Dudweiler"]
[Date "1996.??.??"]
[Round "3"]
[White "Kindermann, Stefan"]
[Black "Zeller, Frank"]
[Result "1-0"]
[WhiteElo "2530"]
[BlackElo "2410"]
[EventDate "1996.11.26"]
[PlyCount "119"]

1. e4 c5 2. Nf3 e6 3. d4 cxd4 4. Nxd4 a6 5. Bd3 Nf6 6. O-O d6 7. c4 Nbd7 8. Nc3 b6 9. f4 Bb7 10. Qe2 Qc7 11. Bd2 Be7 12. Rae1 h5 13. b4 g6 14. Nf3 Nh7 15. a3 Bf6 16. e5 dxe5 17. fxe5 Bg7 18. Be4 O-O 19. Bxb7 Qxb7 20. Bf4 a5 21. Rd1 axb4 22. axb4 Rfd8 23. Nb5 Ndf8 24. Nd6 Qc6 25. Qf2 Rd7 26. Be3 Rb8 27. b5 Qc7 28. h4 Re7 29. Bf4 Nd7 30. Qe3 Qc5 31. Qxc5 Nxc5 32. Nd4 Ra8 33. Nc6 Rd7 34. Ra1 Rxa1 35. Rxa1 Nd3 36. Ra8+ Nf8 37. Bg3 Nxe5 38. Nxe5 Rxd6 39. Kh2 Rd4 40. Rc8 g5 41. Nf3 Rd1 42. hxg5 Kh7 43. Bc7 Rc1 44. Bxb6 e5 45. Nd2 Nd7 46. Ba7 e4 47. Nxe4 Be5+ 48. g3 Re1 49. Nf6+ Nxf6 50. gxf6 h4 51. Kh3 hxg3 52. Re8 Rh1+ 53. Kg2 Rh2+ 54. Kf3 Bd6 55. Rd8 Be5 56. Re8 Bc7 57. Re7 Bd6 58. Rxf7+ Kg6 59. Rd7 Be5 60. f7 1-0

[Event "GER-ch 68th"]
[Site "Dudweiler"]
[Date "1996.??.??"]
[Round "3"]
[White "Kirschbaum, Gunnar"]
[Black "Gisbrecht, Ewgeni"]
[Result "0-1"]
[WhiteElo "2195"]
[BlackElo "2370"]
[EventDate "1996.11.26"]
[PlyCount "80"]

1. d4 d5 2. c4 c6 3. Nf3 Nf6 4. Nc3 dxc4 5. e4 b5 6. e5 Nd5 7. Ng5 h6 8. Nge4 Bf5 9. Ng3 Nxc3 10. bxc3 Be6 11. Be2 Bd5 12. O-O e6 13. a4 Nd7 14. axb5 cxb5 15. Bf3 Nb6 16. Be4 a5 17. Qg4 h5 18. Qe2 g6 19. Bxd5 Nxd5 20. Ne4 Be7 21. h4 Kf8 22. Bg5 Bxg5 23. hxg5 Kg7 24. Rfb1 Qd7 25. Rb2 Rhb8 26. Rba2 Qc7 27. Qf3 b4 28. cxb4 Nxb4 29. Ra3 Nd5 30. Rc1 a4 31. Nf6 Rb3 32. Nxd5 exd5 33. Rc3 Qc6 34. Ra1 Rab8 35. Rac1 Qe6 36. Ra1 Rb1+ 37. Rxb1 Rxb1+ 38. Kh2 Rb3 39. Qe3 Qg4 40. g3 h4 0-1

[Event "GER-ch 68th"]
[Site "Dudweiler"]
[Date "1996.??.??"]
[Round "3"]
[White "Lagunow, Alexander"]
[Black "Schwing, Hans Elmar"]
[Result "1-0"]
[WhiteElo "2425"]
[BlackElo "2245"]
[EventDate "1996.11.26"]
[PlyCount "79"]

1. e4 e6 2. d4 d5 3. Nd2 Nf6 4. e5 Nfd7 5. Bd3 c5 6. c3 Nc6 7. Ne2 cxd4 8. cxd4 f6 9. exf6 Nxf6 10. O-O Bd6 11. Nf3 Qc7 12. h3 O-O 13. Be3 Bd7 14. Rc1 Rae8 15. Nc3 Qd8 16. Re1 Kh8 17. a3 a6 18. Bf1 Qb8 19. Rc2 Re7 20. Bg5 h6 21. Bc1 Be8 22. Rce2 Bf7 23. Ne5 Bxe5 24. dxe5 Nd7 25. f4 Bg6 26. Be3 d4 27. Bxd4 Rxf4 28. Bf2 Ref7 29. Qd6 Qf8 30. Rd2 Ndxe5 31. Qxf8+ Rxf8 32. Bg3 R4f5 33. Na4 Kh7 34. b4 Rg5 35. Kh2 Rgf5 36. Be2 Nf7 37. Nc5 a5 38. Nxe6 Re8 39. Bd3 Rf6 40. Bxg6+ 1-0

[Event "GER-ch 68th"]
[Site "Dudweiler"]
[Date "1996.??.??"]
[Round "3"]
[White "Loehn, Carsten"]
[Black "Glienke, Manfred"]
[Result "0-1"]
[WhiteElo "2195"]
[BlackElo "2325"]
[EventDate "1996.11.26"]
[PlyCount "80"]

1. e4 c5 2. Nf3 d6 3. d4 cxd4 4. Nxd4 Nf6 5. Nc3 g6 6. f4 Nc6 7. Nxc6 bxc6 8. e5 Nd7 9. Bc4 Nb6 10. Bb3 Bg7 11. Qe2 O-O 12. O-O a5 13. Re1 a4 14. Bc4 dxe5 15. fxe5 Qd4+ 16. Be3 Qxc4 17. Bxb6 Qb4 18. Qe3 Qxb2 19. Bc5 Re8 20. Rad1 Be6 21. Rd2 Qb7 22. a3 Ra5 23. Qd4 h6 24. Bb4 Raa8 25. Bc5 Rad8 26. Qxd8 Rxd8 27. Rxd8+ Kh7 28. Rd4 Qb2 29. Re3 Qxc2 30. Bxe7 Bxe5 31. Rxe5 Qxc3 32. Rde4 Bd5 33. Re2 Qd4+ 34. Kh1 g5 35. h3 Kg6 36. R5e3 f5 37. Bd6 f4 38. Re8 f3 39. Re1 f2 40. Rf1 Bc4 0-1

[Event "GER-ch 68th"]
[Site "Dudweiler"]
[Date "1996.??.??"]
[Round "3"]
[White "Movsziszian, Karen"]
[Black "Slobodjan, Roman"]
[Result "1/2-1/2"]
[WhiteElo "2470"]
[BlackElo "2520"]
[EventDate "1996.11.26"]
[PlyCount "80"]

1. g3 d5 2. Bg2 c6 3. c4 Nf6 4. Nf3 dxc4 5. a4 Bf5 6. Na3 Qd5 7. Nh4 Be4 8. f3 Bg6 9. e4 Qd4 10. Qe2 Na6 11. Qxc4 Qxc4 12. Nxc4 Nb4 13. O-O e6 14. Ra3 Bc5+ 15. d4 Bxd4+ 16. Be3 O-O-O 17. Rc1 Ne8 18. Bf1 Nc7 19. Rb3 Bxe3+ 20. Rxe3 Rd4 21. Rb3 c5 22. a5 f6 23. Nxg6 hxg6 24. e5 Kd7 25. f4 Rb8 26. Kf2 b6 27. axb6 axb6 28. h4 Nbd5 29. Bd3 b5 30. Bxg6 Rf8 31. Na3 fxe5 32. Nxb5 Nxb5 33. Rxb5 exf4 34. Rcxc5 fxg3+ 35. Kxg3 Nf4 36. Rg5 Ne2+ 37. Kh2 Nf4 38. Kg3 Ne2+ 39. Kh3 Nf4+ 40. Kg3 Ne2+ 1/2-1/2

[Event "GER-ch 68th"]
[Site "Dudweiler"]
[Date "1996.??.??"]
[Round "3"]
[White "Mueller, Karsten"]
[Black "Mainka, Romuald"]
[Result "1-0"]
[WhiteElo "2490"]
[BlackElo "2455"]
[EventDate "1996.11.26"]
[PlyCount "129"]

1. e4 e5 2. Nf3 Nc6 3. Nc3 Nf6 4. d4 exd4 5. Nxd4 Bb4 6. Nxc6 bxc6 7. Bd3 d5 8. exd5 cxd5 9. O-O O-O 10. Bg5 c6 11. Qf3 Be7 12. Rfe1 Rb8 13. Na4 Be6 14. b3 Re8 15. h3 h6 16. Bf4 Bd6 17. Bxd6 Qxd6 18. Qe3 Qc7 19. Qd4 a5 20. Nc5 Qb6 21. c3 Nd7 22. Rxe6 Qxc5 23. Rxe8+ Rxe8 24. Bf5 Qd6 25. Qa7 Nf6 26. Qxa5 Qf4 27. Bg4 Ne4 28. Qb6 c5 29. Bf3 Nd2 30. Bxd5 Qe5 31. Qb5 Rd8 32. Bc6 Qxc3 33. Rd1 Qc2 34. Qe2 Qxa2 35. Qe7 Qa5 36. Kh1 Qb6 37. Rxd2 Rxd2 38. Qe8+ Kh7 39. Be4+ g6 40. Qxf7+ Kh8 41. Bxg6 Rd1+ 42. Kh2 Qb8+ 43. g3 Qg8 44. Qf3 Rd4 45. Bf7 Qd8 46. Bc4 Qe7 47. Qf5 Kg7 48. Qc8 Rd8 49. Qg4+ Qg5 50. Qe6 Qf6 51. Qe3 Rd4 52. h4 Qd6 53. Qe8 Rxh4+ 54. Kg2 Rxc4 55. bxc4 Kf6 56. Qe4 h5 57. Qf3+ Kg6 58. Qd5 Qe7 59. Kf3 Kh6 60. Qe4 Qa7 61. Qe6+ Kg7 62. Kf4 Qa5 63. Qe5+ Kf8 64. Kg5 Qb4 65. Qf4+ 1-0

[Event "GER-ch 68th"]
[Site "Dudweiler"]
[Date "1996.??.??"]
[Round "3"]
[White "Pirrot, Dieter"]
[Black "Bischoff, Klaus"]
[Result "1/2-1/2"]
[WhiteElo "2415"]
[BlackElo "2530"]
[EventDate "1996.11.26"]
[PlyCount "40"]

1. e4 e6 2. d4 d5 3. Nd2 Nf6 4. e5 Nfd7 5. Bd3 c5 6. c3 Nc6 7. Ne2 Be7 8. Nf3 cxd4 9. cxd4 Nb6 10. h4 h6 11. a3 Bd7 12. b3 a5 13. Bb2 a4 14. b4 Na7 15. Nc3 Rc8 16. Nd2 O-O 17. g3 f5 18. Qe2 Be8 19. Rc1 Bg6 20. f4 h5 1/2-1/2